| 000 | 01635nam0a2200409 4500 | ||
|---|---|---|---|
| 001 | RU\NLR\bibl\251206 | ||
| 005 | 20260406115808.0 | ||
| 010 |
_a5-7997-0315-4 _9500 |
||
| 021 |
_aRU _b2001-47497 _92278 |
||
| 035 | _a(NLR Aleph) 000247005 | ||
| 090 |
_a1440563 _c1440563 |
||
| 100 | _a20020320d2001 |||y0rusy50 ca | ||
| 101 | 0 | _arus | |
| 102 | _aRU | ||
| 105 | _aa ||||||||| | ||
| 200 | 1 |
_a"Итак, я жил тогда в Одессе..." _e[О А. С. Пушкине] _fВ. А. Удовик _gВоронцов. о-во |
|
| 210 |
_aСПб. _cБ. и. _d2001 |
||
| 215 |
_a72 с. _cил. _d21 |
||
| 320 | _aБиблиогр.: с. 71-72 | ||
| 600 | 1 |
_aПушкин _bА. С. _f1799 - 1837 _gАлександр Сергеевич _xБиография _92086022 _3RU\NLR\auth\661262149 |
|
| 600 | 1 |
_aПушкин _bА. С. _gАлександр Сергеевич |
|
| 610 | 0 | _aРусская литература, 19 в. | |
| 610 | 0 | _aЛитературные места | |
| 675 |
_a821.161.1.09 _v3 _zrus |
||
| 675 |
_a929Пушкин _v3 _zrus |
||
| 686 |
_a17.82 _2rugasnti |
||
| 686 |
_a83.3(2Рос=Рус)1 _2rubbk |
||
| 686 | _aШ5(2=Р)51-4Пушкин23 | ||
| 700 | 1 |
_4070 _8rus _7ca _aУдовик _bВ. А. _f1924- _gВячеслав Афанасьевич _3RU\NLR\auth\7776694 _959622 |
|
| 702 | 1 |
_4570 _8rus _7ca _aПушкин _bА. С. _cпоэт _f1799-1837 _gАлександр Сергеевич _3RU\NLR\auth\77386 _9110441 |
|
| 801 | 0 |
_aRU _bRKP _c20020320 _gPSBO |
|
| 801 | 1 |
_aRU _bRKP _c20020320 |
|
| 801 | 2 |
_aRU _bNLR _c20091102 _grcr |
|
| 942 | _cBOOK | ||
| 980 | _aNB | ||